000 00777nam a2200229Ii 4500
003 JO-AjNU
008 230605s9999||||xx |||||||||||||| ||und||
017 _a2008/7/2511
020 _a978-9957-11-66-5
040 _aJO-AjNU
_bara
_erda
_cJO-AjNU
041 _aara
050 1 4 _aT58.6.A54 2009
100 3 _aيسيوني، عبدالحميد,
_eauthor
_944549
245 0 0 _aالمرجع الشامل في نظم المعلومات الادارية=management information systems
250 _aط1
264 3 1 _aعمان:دار وائل للنشر ، 2009
300 _a270ص
336 _atext
_btxt
_2rdacontent
337 _aunmediated
_bn
_2rdamedia
338 _avolume
_bnc
_2rdacarrier
650 4 _aنظم المعلومات الادارية -ادارة
_944550
999 _aA19244
_c22812
_d22812